=LDR 00000nam 2200000 4500 =001 INLIS000000000024934 =005 20130612123502 =008 ***********************************Ind** =035 ##$$0010-061300000024934 =041 ##$$a Ind =082 ##$$a 297.0 =090 ##$$a 297.0, Suh p =100 ##$$a Suhaili, Abdullah =245 ##$$a Prinsip-prinsip Islam, Abdullah Suhaili =260 ##$$a 1975 $b Bandung =300 ##$$a 156 hlm, 22 cm =650 ##$$a Agama Islam - Prinsip =850 ##$$a NBPNMAT